[Event "ISL-chT 1314"]
[Site "Reykjavik"]
[Date "2013.10.12"]
[Round "3.1"]
[White "Thorhallsson, Gylfi"]
[Black "Omarsson, Dadi"]
[Result "1-0"]
[WhiteElo "2154"]
[BlackElo "2246"]
[PlyCount "61"]
[EventDate "2013.10.10"]
[EventType "team-tourn"]
[EventRounds "9"]
[EventCountry "ISL"]
[SourceTitle "EXT 2014"]
[Source "ChessBase"]
[SourceDate "2013.11.20"]
[SourceVersion "1"]
[SourceVersionDate "2013.11.20"]
[SourceQuality "1"]
[WhiteTeam "Akureyri"]
[BlackTeam "Reykjavik"]
[WhiteTeamCountry "ISL"]
[BlackTeamCountry "ISL"]

1. e4 c5 2. Nf3 e6 3. d4 cxd4 4. Nxd4 a6 5. Bd3 Qc7 6. c4 Nf6 7. Nc3 d6 8. Be3 Be7 9. 0-0 0-0 10. Rc1 Nbd7 11. f4 b6 12. Qf3 Bb7 13. Kh1 Rfe8 14. a3 Bf8 15. b4 g6 16. Qh3 Bg7 17. Nf3 Rac8 18. Ng5 h6 19. Nf3 Qb8 20. Bd2 Nh7 21. f5 exf5 22. exf5 g5 23. f6 Nhxf6 24. Nd4 Re5 25. Nf5 Rxf5 26. Qxf5 Ne5 27. Nd5 Nxd5 28. cxd5 Re8 29. Be4 Re7 30. h4 Qe8 31. Qh7+ 1-0

[Event "ISL-ch op"]
[Site "Reykjavik"]
[Date "2013.06.08"]
[Round "10"]
[White "Thorhallsson, Gylfi"]
[Black "Gislason, Gudmundur"]
[Result "0-1"]
[WhiteElo "2151"]
[BlackElo "2321"]
[PlyCount "80"]
[EventDate "2013.05.31"]
[EventType "swiss"]
[EventRounds "10"]
[EventCountry "ISL"]
[SourceTitle "CBM 154 Extra"]
[Source "ChessBase"]
[SourceDate "2013.06.25"]
[SourceVersion "2"]
[SourceVersionDate "2013.06.25"]
[SourceQuality "1"]

1. e4 g6 2. d4 Bg7 3. Nc3 a6 4. a4 d6 5. Nf3 b6 6. Bc4 e6 7. 0-0 Bb7 8. Bb3 Nd7 9. Re1 Ne7 10. Bf4 h6 11. Qd2 g5 12. Bg3 Ng6 13. Rad1 g4 14. e5 d5 15. Bxd5 Bxd5 16. Nxd5 gxf3 17. Nb4 0-0 18. gxf3 Qg5 19. Nc6 Qxd2 20. Rxd2 h5 21. h3 Bh6 22. Rd3 Kh8 23. Re4 Rg8 24. Kf1 Rae8 25. a5 Rg7 26. Ra3 f5 27. exf6 Nxf6 28. Re1 b5 29. Raa1 Bf4 30. Ne5 Nd5 31. Ke2 Nxe5 32. dxe5 Bxg3 33. fxg3 Rxg3 34. Rg1 Rxg1 35. Rxg1 Rg8 36. Rc1 Rg2+ 37. Kd3 c5 38. c4 Nb4+ 39. Ke3 Rxb2 40. cxb5 Nd5+ 0-1

[Event "ISL-ch op"]
[Site "Reykjavik"]
[Date "2013.06.06"]
[Round "8"]
[White "Thorhallsson, Gylfi"]
[Black "Hardarson, Jon Trausti"]
[Result "1-0"]
[WhiteElo "2151"]
[BlackElo "1907"]
[PlyCount "53"]
[EventDate "2013.05.31"]
[EventType "swiss"]
[EventRounds "10"]
[EventCountry "ISL"]
[SourceTitle "CBM 154 Extra"]
[Source "ChessBase"]
[SourceDate "2013.06.25"]
[SourceVersion "2"]
[SourceVersionDate "2013.06.25"]
[SourceQuality "1"]

1. e4 c5 2. Nf3 d6 3. d4 cxd4 4. Nxd4 Nf6 5. Nc3 a6 6. Be2 e5 7. Nb3 Be7 8. 0-0 Be6 9. f4 Qc7 10. Qe1 0-0 11. Qg3 Kh8 12. Kh1 Nbd7 13. fxe5 dxe5 14. Bg5 b5 15. Bd3 Rac8 16. Qh4 h6 17. Rae1 Qd8 18. Rf3 Nd5 19. exd5 Bxg5 20. Qf2 Bg4 21. Rxf7 Rxf7 22. Qxf7 Nf6 23. Rxe5 Bh5 24. Qe6 Ng4 25. Rf5 Qc7 26. d6 Qb8 27. Rf1 1-0